000 02210nam a2200289 i 4500
003 CSPC
005 20251018113323.0
008 250307s2023 ii a b 000 0 eng d
020 _a9789387537644
040 _cCSPC
_aCSPC
_beng
_erda
082 0 4 _a004
_bAb31i
100 1 _aAbdel-Raheem, Mohamed,
_eauthor.
245 1 0 _aInformation and communications technology (ICT) /
_cMohamed Abdel-Raheem and Jitamoni Bhattacharyya.
264 1 _aNew Delhi, India :
_bCrescent Publishing Corporation,
_c2023.
300 _aviii, 135 pages :
_billustrations ;
_c23 cm.
336 _2rdacontent
_atext
337 _2rdamedia
_aunmediated
338 _2rdacarrier
_avolume
504 _aIncludes bibliographical references.
505 0 _aIntroduction -- What is information and communications technology? -- What is information and communications technology in education? -- The scope of information and communications technology -- Importance of information and communications technology -- Challenges of information and communications technology -- E-Agriculture refers to use of ICT in agriculture -- Information and communications technology evolution -- Information and communications technology in business -- ICTs in development and agriculture -- ICT in agriculture -- ICT in agriculture: developing countries -- Agricultural extension and advisory services -- Climate change adaptation and early warning -- Food safety, traceability and certification -- Insurance and risk management -- Precision agriculture -- E-agriculture community of practice (FAO) -- ICT Observatory and ICT UPDATE (Technical Centre for Agricultural and Rural Cooperation) -- Advanced agricultural practice knowledge portal -- Technical organizations and communities -- Trade in digital goods and services -- Citizen science -- Information technology and communication and best practices in it lifecycle management.
650 4 _aInformation technology.
650 4 _aCommunication technology.
650 4 _aICT
_xApplications.
700 1 _aBhattacharyya, Jitamoni,
_eauthor.
942 _2ddc
_n0
_cBK
_iAb31i
_kCIR
_m2023
_h004
999 _c29061
_d29061